| 000 | 01138nam a2200277 a 4500 | ||
|---|---|---|---|
| 003 | AR-BaBN | ||
| 005 | 20260604143543.0 | ||
| 007 | ta | ||
| 008 | 170906s2016 ag a |r 00| 0 spa d | ||
| 020 | _a9789504650867 | ||
| 040 |
_aAR-BaBN _bspa _cAR-RoUNCS |
||
| 041 | _aspa | ||
| 245 | 0 | 0 |
_aEntre números II : _bactividades de matemática / _cPablo J. Kaczor ; Verónica L. Outón ; bajo la dirección de Mónica Pavicich. |
| 246 | 2 | 3 | _aEntre números 2 |
| 250 | _a1a ed. | ||
| 260 |
_aCiudad Autónoma de Buenos Aires : _bSantillana, _c2016. |
||
| 300 |
_a160 p. ; _c28 cm. |
||
| 505 | _aNúmeros enteros -- Números racionales -- Ángulos. Triángulos. Criterios de congruencia -- Lenguaje algebraico -- Gráficos y funciones -- Cuadriláteros. Cuerpos geométricos -- Perímetros y áreas. Teorema de Pitágoras. Volúmenes -- Estadística y probabilidad. | ||
| 650 | 7 |
_aMatemáticas _2embne |
|
| 655 | 7 |
_aLibros de texto _2embne |
|
| 700 | 1 |
_aPavicich, Mónica _edir. |
|
| 700 | 1 |
_aKaczor, Pablo J. _eautor |
|
| 700 | 1 |
_aOutón, Verónica L. _eautor |
|
| 751 |
_aBuenos Aires _elugar de publicación _4pup |
||
| 942 |
_2udc _cOG _n0 |
||
| 999 |
_c1038 _d1038 |
||